People who disappeared and body never found - Statistics

General Stats
  • This quiz has been taken 3 times
  • The average score is 1 of 12
Answer Stats
Hint Answer % Correct
Disappeared swimming near Portsea, Victoria on 17 December 1967 Harold Holt
67%
French WW1 air ace who failed to return from a mission on 11 September 1917 Georges Guynemer
33%
American student who disappeared from a bar in Columbus, OH on 1 April 2006 Brian Shaffer
0%
Sailor who disappeared during the Sunday Times Golden Globe around the world yacht race in July 1969 Donald Crowhurst
0%
Australian anti-drugs campaigner who disappeared outside a hotel in Griffith, NSW on July 15 1977 Donald Mackay
0%
Australian pilot who disappeared while flying over Bass Strait on 21 October 1978 Frederick Valentich
0%
WASP pilot who disappeared near Los Angeles on October 26 1944 Gertrude Tompkins Silver
0%
Gestapo official last seen in Berlin on May 1 1945 Heinrich Müller
0%
Housewife who disappeared from Lincoln, MA on October 24 1961 Joan Risch
0%
Boyfriend of Olivia Newton-John who disappeared during an overnight fishing trip on June 30 2005 Patrick McDermott
0%
British explorer who disappeared while looking for the mysterious City Z in 1925 Percy Fawcett
0%
Nation of Islam leader who left Detroit in 1934 Wallace Fard Muhammad
0%
No matching quizzes found
Score Distribution
Percent of People with Each Score
Percentile by Number Answered
Your Score History
You have not taken this quiz